Dlhová kríza v štátoch Európskej únie

Stav verejných financií v členských štátoch Európskej únie a eurozóny od obdobia prijatia Zmluvy o Európskej únii až po súčasné krízové obdobie.

Guardado en:
Detalles Bibliográficos
Autor principal: Kurtová, Monika
Otros Autores: Sipko, Juraj
Formato: Capítulo de libro
Lenguaje:eslovaco
Materias:
Etiquetas: Agregar Etiqueta
Sin Etiquetas, Sea el primero en etiquetar este registro!

MARC

LEADER 00000naa a2200000 4500
001 0205993
005 20231019121319.1
041 0 |a slo 
044 |a SK 
245 1 0 |a Dlhová kríza v štátoch Európskej únie  |c Monika Kurtová, Juraj Sipko 
520 |a Stav verejných financií v členských štátoch Európskej únie a eurozóny od obdobia prijatia Zmluvy o Európskej únii až po súčasné krízové obdobie. 
610 2 0 |a kríza hospodárska 
610 2 0 |a kríza finančná 
610 2 0 |a eurozóna 
610 2 0 |a financie verejné 
100 1 |a Kurtová, Monika 
700 1 |a Sipko, Juraj